[Event "Quezon City Puregold op"]
[Site "Quezon City"]
[Date "2014.12.14"]
[Round "1"]
[White "Florendo, Paulo James"]
[Black "Sadorra, Julio Catalino"]
[Result "0-1"]
[WhiteElo "2278"]
[BlackElo "2575"]
[PlyCount "78"]
[EventDate "2014.12.14"]
[EventType "swiss"]
[EventRounds "9"]
[EventCountry "PHI"]
[SourceTitle "EXT 2016"]
[Source "ChessBase"]
[SourceDate "2015.10.08"]
[SourceVersion "1"]
[SourceVersionDate "2015.10.08"]
[SourceQuality "1"]

1. c4 Nf6 2. Nc3 e6 3. Nf3 d5 4. cxd5 exd5 5. d4 Bb4 6. a3 Bxc3+ 7. bxc3 c5 8. e3 c4 9. Nd2 0-0 10. Be2 Bf5 11. 0-0 Nc6 12. a4 Re8 13. Re1 Qc7 14. Nf1 a6 15. f3 Bg6 16. Ng3 h5 17. Bf1 h4 18. Ne2 b5 19. Bd2 Rab8 20. e4 dxe4 21. Bf4 Qb7 22. Bxb8 Qxb8 23. axb5 axb5 24. Qd2 e3 25. Qb2 Nd5 26. Ra6 Qb7 27. Rea1 Bd3 28. Qc1 b4 29. cxb4 c3 30. R6a3 Bxe2 31. Bxe2 Nxd4 32. Ba6 Qb6 33. Kh1 e2 34. Bxe2 Nxe2 35. Qg5 c2 36. Qxd5 Qh6 37. Qc5 c1Q+ 38. Rxc1 Nxc1 39. Qc3 Ne2 0-1

[Event "Manila Campomanes Memorial op"]
[Site "Manila"]
[Date "2010.08.30"]
[Round "4"]
[White "Florendo, Paulo James"]
[Black "Sadikin The, Irwanto"]
[Result "1/2-1/2"]
[WhiteElo "2270"]
[BlackElo "2419"]
[PlyCount "118"]
[EventDate "2010.08.28"]
[EventType "swiss"]
[EventRounds "9"]
[EventCountry "PHI"]
[SourceTitle "CBM 138 Extra"]
[Source "ChessBase"]
[SourceDate "2010.10.29"]
[SourceVersion "1"]
[SourceVersionDate "2010.10.29"]
[SourceQuality "1"]

1. c4 e6 2. Nf3 Nf6 3. g3 d5 4. b3 Be7 5. Bg2 0-0 6. 0-0 b6 7. Bb2 Bb7 8. d3 c5 9. Na3 Nbd7 10. Nc2 d4 11. e4 dxe3 12. Nxe3 Qc7 13. Qe2 Rad8 14. Rad1 Rfe8 15. d4 cxd4 16. Nxd4 Bxg2 17. Nxg2 a6 18. Nf3 Qb7 19. Ne5 Nxe5 20. Bxe5 Nd7 21. Bb2 Bf6 22. Bxf6 Nxf6 23. f3 h6 24. Rxd8 Rxd8 25. Rd1 Rd7 26. Nf4 Qc6 27. Rxd7 Nxd7 28. Nd3 Qd6 29. Kg2 f5 30. Nf4 Ne5 31. Qe3 g5 32. Ne2 g4 33. Nd4 Kf7 34. fxg4 Nxg4 35. Qf4 Qa3 36. Qd2 Qd6 37. Qf4 Qc5 38. h3 Nf6 39. Nf3 Ne4 40. Ne5+ Ke8 41. g4 Qa5 42. gxf5 Qxa2+ 43. Kg1 Ng5 44. Kf1 Qb1+ 45. Kg2 Qc2+ 46. Kf1 Qd1+ 47. Kg2 Qe2+ 48. Kh1 Qd1+ 49. Kg2 Qc2+ 50. Kf1 Nxh3 51. Qd4 Qxf5+ 52. Ke1 Qb1+ 53. Kd2 Qa2+ 54. Kc1 Qa3+ 55. Kc2 Qa2+ 56. Kc1 Qa3+ 57. Kc2 Qa2+ 58. Kc1 Qa3+ 59. Kc2 Qa2+ 1/2-1/2

[Event "Asian Continental op 09th"]
[Site "Olongapo City"]
[Date "2010.04.22"]
[Round "2"]
[White "Florendo, Paulo James"]
[Black "Dableo, Ronald"]
[Result "1/2-1/2"]
[WhiteElo "2262"]
[BlackElo "2464"]
[PlyCount "123"]
[EventDate "2010.04.21"]
[EventType "swiss"]
[EventRounds "9"]
[EventCountry "PHI"]
[SourceTitle "CBM 136 Extra"]
[Source "ChessBase"]
[SourceDate "2010.07.02"]
[SourceVersion "2"]
[SourceVersionDate "2010.07.15"]
[SourceQuality "1"]

1. Nf3 c5 2. g3 Nc6 3. Bg2 e5 4. d3 g6 5. 0-0 Bg7 6. c4 Nge7 7. Nc3 0-0 8. a3 b6 9. Rb1 Bb7 10. b4 d6 11. Bd2 Qd7 12. Qa4 h6 13. Nd5 Nxd5 14. cxd5 Nb8 15. Qb3 Na6 16. e4 Kh7 17. Be3 cxb4 18. axb4 Nc7 19. b5 f5 20. Rfc1 Rf7 21. Rc2 Kg8 22. Bh3 Qd8 23. Nh4 Kh7 24. Rbc1 f4 25. Bd2 a6 26. bxa6 Nxa6 27. Rb1 Nc5 28. Qxb6 Ba6 29. Qxd8 Rxd8 30. Bf1 Bxd3 31. Bxd3 Nxd3 32. f3 fxg3 33. hxg3 Bf6 34. Kg2 Bg5 35. Rb3 Nc5 36. Ra3 Bxd2 37. Rxd2 h5 38. Rb2 Rdd7 39. Rb6 Rf8 40. Rb4 Kg7 41. Kf2 Rc7 42. Ke3 Rf6 43. Rb6 Nd7 44. Rba6 Nc5 45. Ra7 Rff7 46. Rxc7 Rxc7 47. Ra8 Rb7 48. Rd8 Rb6 49. Ke2 Nb3 50. Rd7+ Kf6 51. Ke3 Nd4 52. f4 Ra6 53. Kf2 Nb5 54. Nf3 Ra2+ 55. Kf1 Ra1+ 56. Kf2 Ra2+ 57. Kf1 Ra7 58. Rxa7 Nxa7 59. fxe5+ dxe5 60. Kf2 Nb5 61. Ke3 Nd6 62. Kd3 1/2-1/2

[Event "Subic Bay op"]
[Site "Subic Bay"]
[Date "2009.05.29"]
[Round "7"]
[White "Florendo, Paulo James"]
[Black "Castellano, Christopher"]
[Result "1-0"]
[WhiteElo "2257"]
[BlackElo "2295"]
[PlyCount "97"]
[EventDate "2009.05.25"]
[EventType "swiss"]
[EventRounds "9"]
[EventCountry "PHI"]
[SourceTitle "CBM 130 Extra"]
[Source "ChessBase"]
[SourceDate "2009.07.02"]
[SourceVersion "2"]
[SourceVersionDate "2009.07.15"]
[SourceQuality "1"]

1. c4 e6 2. Nf3 d5 3. cxd5 exd5 4. d4 c6 5. Nc3 Be7 6. Qc2 Nf6 7. Bf4 0-0 8. e3 Re8 9. Bd3 Nbd7 10. 0-0 Nf8 11. Rab1 Nh5 12. Bg3 Nxg3 13. hxg3 Bd6 14. b4 a6 15. a4 Bd7 16. Rfc1 Rc8 17. Qb3 Qe7 18. Ne2 b5 19. a5 g5 20. Nd2 Be6 21. Qc3 f5 22. g4 fxg4 23. e4 Bf4 24. e5 Qf7 25. Rc2 g3 26. Nxg3 Ng6 27. Nh5 g4 28. Nf6+ Kh8 29. Nxe8 Qxe8 30. g3 Bh6 31. Nb3 Nf4 32. gxf4 c5 33. bxc5 Bxf4 34. Kg2 Qc6 35. Rh1 Rc7 36. Re2 Rg7 37. Qc2 h6 38. Bf5 g3 39. f3 Bg8 40. Nc1 Rg5 41. Na2 Qe8 42. e6 Rh5 43. Rxh5 Qxh5 44. Bh3 Bh7 45. Qd1 Bf5 46. Qh1 Bd3 47. Re1 Be4 48. Bg4 Qxg4 49. Rxe4 1-0

[Event "Wch U18"]
[Site "Kemer"]
[Date "2007.11.24"]
[Round "7"]
[White "Catelli, Hernan"]
[Black "Florendo, Paulo James"]
[Result "0-1"]
[WhiteElo "2168"]
[BlackElo "2200"]
[PlyCount "66"]
[EventDate "2007.11.18"]
[EventType "swiss"]
[EventRounds "11"]
[EventCountry "TUR"]
[SourceTitle "CBM 121 Extra"]
[Source "ChessBase"]
[SourceDate "2008.01.10"]
[SourceVersion "1"]
[SourceVersionDate "2008.01.10"]
[SourceQuality "1"]

1. c4 e6 2. e4 c5 3. Nc3 Nc6 4. g3 g6 5. Bg2 Bg7 6. Nge2 d6 7. 0-0 Nge7 8. Rb1 0-0 9. d3 Rb8 10. a3 Nd4 11. Nxd4 cxd4 12. Ne2 e5 13. Bd2 b6 14. b4 Be6 15. b5 Qd7 16. f3 f5 17. Bh3 Rf7 18. Qb3 Rbf8 19. Rbe1 Kh8 20. Qd1 Ng8 21. Nc1 Bh6 22. Nb3 Bxd2 23. Nxd2 Nh6 24. Qe2 g5 25. a4 fxe4 26. Bxe6 Qxe6 27. fxe4 Ng4 28. Rxf7 Rxf7 29. Rf1 Ne3 30. Rxf7 Qxf7 31. Nb3 Kg7 32. a5 h6 33. Qf2 Qh5 0-1

[Event "Wch U18"]
[Site "Kemer"]
[Date "2007.11.22"]
[Round "6"]
[White "Florendo, Paulo James"]
[Black "Ye, Ling Feng"]
[Result "1/2-1/2"]
[WhiteElo "2200"]
[BlackElo "2214"]
[PlyCount "60"]
[EventDate "2007.11.18"]
[EventType "swiss"]
[EventRounds "11"]
[EventCountry "TUR"]
[SourceTitle "CBM 121 Extra"]
[Source "ChessBase"]
[SourceDate "2008.01.10"]
[SourceVersion "1"]
[SourceVersionDate "2008.01.10"]
[SourceQuality "1"]

1. c4 e6 2. Nc3 d5 3. d4 Be7 4. Nf3 Nf6 5. e3 0-0 6. Bd3 a6 7. b3 c5 8. 0-0 Nc6 9. Bb2 cxd4 10. exd4 b6 11. Ne2 Nb4 12. Bb1 Bb7 13. Ng3 Rc8 14. a3 Nc6 15. Bd3 dxc4 16. bxc4 Na5 17. Rc1 Rc7 18. Nd2 Qa8 19. f3 Qd8 20. Nb3 Nxb3 21. Qxb3 Rd7 22. Rcd1 Bc6 23. Ne4 Nxe4 24. Bxe4 Qc7 25. Rfe1 Rfd8 26. Kh1 Bf6 27. Bxc6 Qxc6 28. d5 exd5 29. cxd5 Qd6 30. Bxf6 Qxf6 1/2-1/2

[Event "Wch U18"]
[Site "Kemer"]
[Date "2007.11.18"]
[Round "1"]
[White "Florendo, Paulo James"]
[Black "Forsaa, Espen"]
[Result "0-1"]
[WhiteElo "2200"]
[BlackElo "2263"]
[PlyCount "57"]
[EventDate "2007.11.18"]
[EventType "swiss"]
[EventRounds "11"]
[EventCountry "TUR"]
[SourceTitle "CBM 121 Extra"]
[Source "ChessBase"]
[SourceDate "2008.01.10"]
[SourceVersion "1"]
[SourceVersionDate "2008.01.10"]
[SourceQuality "1"]

1. c4 e5 2. Nc3 Nf6 3. g3 d5 4. cxd5 Nxd5 5. Bg2 Nb4 6. Nf3 N4c6 7. d3 Be7 8. 0-0 0-0 9. a3 Be6 10. b4 a5 11. b5 Nd4 12. Be3 f6 13. Nd2 a4 14. Bxb7 Ra5 15. Bg2 Qd7 16. Re1 Rc8 17. Qc1 Kh8 18. Rb1 Bf8 19. h4 Qe7 20. Ra1 Nb3 21. Nxb3 axb3 22. Bc6 Rxa3 23. Qb2 Rxa1 24. Rxa1 f5 25. Bb6 cxb6 26. Nd5 Qd6 27. Qxb3 f4 28. Kg2 Rd8 29. Ra8 0-1